[Event "30. Staufer-Open (A)"]
[Site "?"]
[Date "2018.01.05"]
[Round "7"]
[White "Henrich, Thomas"]
[Black "Kugelmann, Werner"]
[Result "1-0"]
[WhiteElo "2240"]
[BlackElo "2069"]
[PlyCount "183"]
[EventDate "2018.??.??"]
[WhiteTeam "SK Marburg 1931/72"]
[BlackTeam "TSV Wertingen 1862 SAbt"]

1. e4 e5 2. Nf3 Nc6 3. Bb5 a6 4. Ba4 Nf6 5. Qe2 Bc5 6. c3 b5 7. Bb3 d6 8. d3
Be6 9. Nbd2 O-O 10. O-O Bb6 11. Bc2 Ne7 12. d4 Ng6 13. g3 Bg4 14. Qd3 Bh3 15.
Re1 h6 16. Kh1 Ng4 17. Qe2 Qf6 18. Nb3 c5 19. Be3 Nxe3 20. fxe3 Bg4 21. Rf1 Qe7
22. a4 c4 23. Nbd2 Bd7 24. Ra2 Rab8 25. axb5 axb5 26. Rfa1 Bg4 27. b3 cxb3 28.
Bxb3 Qc7 29. Ra3 Ne7 30. Qd3 Kh8 31. Nh4 g6 32. Rf1 Kg7 33. Rf2 Bh3 34. Ndf3
Bd7 35. Kg1 Nc6 36. Bd5 Ne7 37. Bb3 Nc6 38. Rc2 Na5 39. Bd5 Nc6 40. Nd2 Ne7 41.
Bb3 Ra8 42. Nb1 Rab8 43. Raa2 Nc6 44. Rf2 b4 45. Qc4 Nd8 46. Qxc7 Bxc7 47. Ra7
Rb7 48. Rxb7 Nxb7 49. cxb4 exd4 50. exd4 Bb6 51. Rd2 f5 52. exf5 g5 53. Ng6
Rxf5 54. Ne7 Rf3 55. Bd5 Re3 56. Bxb7 Rxe7 57. Nc3 Bh3 58. Bg2 Be6 59. Bf3 Bc4
60. Bd5 Rc7 61. Bf3 Ba7 62. Kg2 Ba6 63. Ne4 Rd7 64. Bg4 Rb7 65. Nxd6 Rxb4 66.
Bf3 Bb8 67. Nf5+ Kh7 68. Be4 Bb7 69. Bxb7 Rxb7 70. Kf3 Kg6 71. Ke4 Rf7 72. Ne3
Re7+ 73. Kd3 h5 74. Rb2 Ba7 75. Nd5 Rd7 76. Ke4 h4 77. g4 Rd8 78. Rb7 Bb8 79.
Rb6+ Kg7 80. h3 Rf8 81. Rb7+ Kg6 82. Ne7+ Kf6 83. Nf5 Re8+ 84. Kd5 Bf4 85. Rb6+
Kf7 86. Rh6 Re1 87. Kc6 Rc1+ 88. Kd7 Rc3 89. Rh7+ Kg8 90. Rg7+ Kf8 91. Rg6 Rxh3
92. Nh6 1-0

[Event "30. Staufer-Open (A)"]
[Site "?"]
[Date "2018.01.05"]
[Round "7"]
[White "Hoffmann, Sebastian"]
[Black "Chudinovskikh, Alexander M"]
[Result "0-1"]
[WhiteElo "2072"]
[BlackElo "2225"]
[PlyCount "55"]
[EventDate "2018.??.??"]
[WhiteTeam "SC Noris-Tarrasch Nürnberg 1873"]

1. e4 g6 2. d4 Bg7 3. Nc3 a6 4. a4 c5 5. Nf3 cxd4 6. Nxd4 Nc6 7. Be3 Nf6 8. f3
O-O 9. Qd2 d5 10. Nxc6 bxc6 11. Bh6 e5 12. Bxg7 Kxg7 13. a5 Rb8 14. exd5 cxd5
15. Na4 d4 16. Bc4 Qc7 17. b3 Bb7 18. O-O Rbd8 19. Qe2 Rfe8 20. Bxa6 Bxa6 21.
Qxa6 Qxc2 22. b4 Nd5 23. Rf2 Qb3 24. Rb2 Qe3+ 25. Kf1 d3 26. Rd1 Nxb4 27. Qb6
Nc2 28. Nc5 0-1

[Event "30. Staufer-Open (A)"]
[Site "?"]
[Date "2018.01.05"]
[Round "7"]
[White "Schulze, Andreas"]
[Black "Sanati, Charlotte"]
[Result "1/2-1/2"]
[WhiteElo "2214"]
[BlackElo "2065"]
[PlyCount "92"]
[EventDate "2018.??.??"]
[WhiteTeam "TG Biberach"]
[BlackTeam "SG Trier"]

1. e4 c5 2. Nf3 d6 3. Bb5+ Nd7 4. d4 Ngf6 5. Nc3 a6 6. Bxd7+ Nxd7 7. Bg5 cxd4
8. Qxd4 e5 9. Qc4 Nf6 10. Nd5 Be6 11. Nc7+ Ke7 12. Nxe6 fxe6 13. O-O-O Rc8 14.
Qb3 Qc7 15. Rd3 Kf7 16. Rhd1 Be7 17. Bxf6 gxf6 18. Nd2 b5 19. Rc3 Qa5 20. Rxc8
Rxc8 21. Kb1 Qb6 22. Qf3 Ke8 23. Nf1 Rc4 24. Ne3 Rd4 25. c3 Rxd1+ 26. Qxd1 Kd7
27. a3 a5 28. b4 axb4 29. axb4 Qc6 30. Qd3 Kc7 31. Kc1 Qa6 32. Kd2 Qa2+ 33. Ke1
Kc6 34. g3 Bd8 35. c4 bxc4 36. Nxc4 Qa1+ 37. Ke2 Qd4 38. Qc2 Kb7 39. Na5+ Bxa5
40. bxa5 Qb4 41. a6+ Kxa6 42. Qc6+ Ka7 43. Kf1 d5 44. Qc7+ Ka6 45. Qc6+ Ka7 46.
Qc7+ Ka6 1/2-1/2

[Event "30. Staufer-Open (A)"]
[Site "?"]
[Date "2018.01.05"]
[Round "7"]
[White "Taras, Marian"]
[Black "Bader, Gerd"]
[Result "1-0"]
[WhiteElo "2004"]
[BlackElo "2105"]
[PlyCount "87"]
[EventDate "2018.??.??"]
[WhiteTeam "SV Reutlingen"]
[BlackTeam "SG Schwäbisch Gmünd 1872 e.V"]

1. d4 d6 2. e4 e5 3. Nf3 Nd7 4. c4 Ngf6 5. Nc3 g6 6. h3 Bg7 7. Be3 O-O 8. g4
Re8 9. d5 Nc5 10. Nd2 a5 11. Be2 c6 12. Rg1 cxd5 13. cxd5 b6 14. a4 Ba6 15.
Bxa6 Rxa6 16. Qe2 Ra8 17. Rg3 Nfd7 18. Rc1 Nb8 19. b3 Nba6 20. Na2 Rc8 21. Kf1
Bf8 22. Kg2 Be7 23. g5 Rf8 24. h4 Qd7 25. h5 Rb8 26. Nc3 Nb4 27. Bxc5 bxc5 28.
Nb5 f6 29. hxg6 fxg5 30. Qh5 Bf6 31. Nxd6 Qg7 32. gxh7+ Kh8 33. Nf5 Qa7 34. Nc4
Rb7 35. Rh1 Nc2 36. Ncd6 Rd7 37. Qg6 Qb8 38. Nc4 Qb4 39. d6 Ne1+ 40. Kf1 Nc2
41. Ne7 Bxe7 42. Rf3 Rfd8 43. dxe7 Rxe7 44. Qf6+ 1-0

[Event "30. Staufer-Open (B)"]
[Site "?"]
[Date "2018.01.05"]
[Round "7"]
[White "Stumpf, Vitalij"]
[Black "Ries, Florian"]
[Result "0-1"]
[WhiteElo "1515"]
[BlackElo "1952"]
[PlyCount "44"]
[EventDate "2018.??.??"]
[WhiteTeam "SV Jedesheim 1921"]
[BlackTeam "SK Dinkelsbühl e.V."]

1. d4 Nf6 2. c4 c5 3. d5 e5 4. Nc3 d6 5. e4 g6 6. g3 Bg7 7. Bg2 O-O 8. Nge2 Nh5
9. O-O f5 10. exf5 gxf5 11. Rb1 Nd7 12. h4 f4 13. Bf3 Ndf6 14. Ne4 Nxe4 15.
Bxe4 Bg4 16. Qd3 Nf6 17. Bf5 e4 18. Bxe4 Nxe4 19. Nxf4 Re8 20. Ne6 Bxe6 21. Bg5
Nxg5 22. hxg5 Bh3 0-1

[Event "30. Staufer-Open (B)"]
[Site "?"]
[Date "2018.01.05"]
[Round "7"]
[White "Velichko, Tatiana"]
[Black "Bajorski, Leszek"]
[Result "1-0"]
[WhiteElo "1905"]
[BlackElo "1960"]
[PlyCount "105"]
[EventDate "2018.??.??"]
[BlackTeam "SV 1920 Hofheim"]

1. e4 e6 2. d4 d5 3. Nc3 dxe4 4. Nxe4 Bd7 5. Nf3 Bc6 6. Bd3 Nd7 7. O-O Ngf6 8.
Bg5 Be7 9. Nxf6+ Bxf6 10. Bxf6 Qxf6 11. Be2 O-O 12. c3 Rad8 13. Qc2 e5 14. Rfe1
Rfe8 15. h3 exd4 16. Nxd4 Be4 17. Bd3 Bxd3 18. Qxd3 a6 19. Rad1 Rxe1+ 20. Rxe1
h6 21. Qe4 c6 22. Re3 g6 23. Rf3 Qe5 24. Qh4 Qe1+ 25. Kh2 Qe5+ 26. g3 Qg5 27.
Qxg5 hxg5 28. Re3 Kf8 29. Kg2 Re8 30. Rxe8+ Kxe8 31. Nb3 b6 32. Nd4 c5 33. Nc6
f6 34. Kf3 Kf7 35. b4 Ke6 36. Ke4 f5+ 37. Ke3 Kd6 38. Nd8 Ke7 39. Nc6+ Kd6 40.
Nd8 Ke7 41. Nb7 cxb4 42. cxb4 Nf6 43. a4 Kd7 44. b5 axb5 45. a5 Kc7 46. a6 Ne4
47. Nd8 Nc3 48. Kd4 b4 49. Kc4 b5+ 50. Kxb4 Nd5+ 51. Kc5 Nf6 52. Ne6+ Kb8 53.
Kb6 1-0

[Event "30. Staufer-Open (B)"]
[Site "?"]
[Date "2018.01.05"]
[Round "7"]
[White "Schmitz, Tim"]
[Black "Brunner, Jan"]
[Result "1/2-1/2"]
[WhiteElo "1831"]
[BlackElo "1972"]
[PlyCount "36"]
[EventDate "2018.??.??"]
[WhiteTeam "SC Sendling e.V."]
[BlackTeam "TSV Schönaich"]

1. e4 c5 2. Nf3 Nc6 3. d4 cxd4 4. Nxd4 Nf6 5. Nc3 d6 6. Bg5 e6 7. Qd2 Be7 8.
O-O-O Nxd4 9. Qxd4 O-O 10. Kb1 Qa5 11. f4 Rd8 12. Be2 Bd7 13. Bf3 Bc6 14. Qe3
Rac8 15. Rhe1 b5 16. e5 dxe5 17. fxe5 Bxf3 18. Qxf3 Nd5 1/2-1/2

[Event "30. Staufer-Open (B)"]
[Site "?"]
[Date "2018.01.05"]
[Round "7"]
[White "Schulz, Uwe"]
[Black "Reindl, Knut"]
[Result "0-1"]
[WhiteElo "1832"]
[BlackElo "1814"]
[PlyCount "64"]
[EventDate "2018.??.??"]
[WhiteTeam "SF Heubach"]
[BlackTeam "SG Schwäbisch Gmünd 1872 e.V"]

1. e4 c5 2. d4 cxd4 3. c3 Nf6 4. e5 Nd5 5. Nf3 e6 6. Bc4 d6 7. Qe2 Nb6 8. Bb5+
Bd7 9. Bg5 Be7 10. Bxe7 Qxe7 11. exd6 Qxd6 12. Nxd4 Nc6 13. Nf5 Qf8 14. Bxc6
Bxc6 15. Qe5 O-O-O 16. Ne3 g6 17. O-O Qd6 18. Qa5 Kb8 19. c4 Qd4 20. Na3 Qxb2
21. c5 Nc8 22. Nac4 Qf6 23. Rab1 Qe7 24. Qb4 Rd4 25. Qa3 Qc7 26. Na5 Ra4 27.
Qc3 Rd8 28. Nec4 Bd5 29. Rxb7+ Bxb7 30. Rb1 Ka8 31. Qb3 Bd5 32. Rb2 Rb4 0-1

[Event "30. Staufer-Open (B)"]
[Site "?"]
[Date "2018.01.05"]
[Round "6"]
[White "Mück, Heinz-Peter"]
[Black "Lesny, Florian"]
[Result "1-0"]
[WhiteElo "1885"]
[BlackElo "2033"]
[PlyCount "81"]

1. g4 d5 2. Bg2 c6 3. h3 e5 4. c4 dxc4 5. Qc2 Be6 6. Nf3 Nd7 7. Na3 b5 8. b3
cxb3 9. axb3 Rc8 10. O-O Bd6 11. d4 Ne7 12. dxe5 Nxe5 13. Ng5 h6 14. Nxe6 fxe6
15. Qe4 O-O 16. Bb2 Qc7 17. Nc2 Nd5 18. Nd4 Rfe8 19. e3 Nf6 20. Qc2 Qb6 21. Qe2
a6 22. f4 Nf7 23. Kh1 c5 24. Nf3 Ne4 25. Qe1 Be7 26. Ne5 Nxe5 27. Bxe4 Nd7 28.
g5 hxg5 29. fxg5 Bxg5 30. Qg3 Qd8 31. Rad1 Rc7 32. h4 Bh6 33. Bf6 Qxf6 34. Rxf6
Nxf6 35. Qxc7 Nxe4 36. Rd8 Rxd8 37. Qxd8+ Kf7 38. Qd7+ Kf6 39. Kg2 Kf5 40. Kf3
Ke5 41. b4 1-0